Malaysia dalam misi pengaman : Pertubuhan Bangsa-Bangsa Bersatu :
| Format: | Book |
|---|---|
| Published: |
Kuala Lumpur :
Kementerian Luar Negeri ,
19-
|
| Subjects: |
MARC
| LEADER | 00000cam a2200000 7i4500 | ||
|---|---|---|---|
| 001 | 0000008801 | ||
| 002 | 000009598 | ||
| 005 | 20000330.0 | ||
| 020 | |a T000000707 | ||
| 090 | 0 | 0 | |a 341.520595 |b MAL |
| 245 | 0 | 0 | |a Malaysia dalam misi pengaman : |b Pertubuhan Bangsa-Bangsa Bersatu : |b Malaysia in United Nations : |b peace -keeping missions |
| 260 | |a Kuala Lumpur : |b Kementerian Luar Negeri , |c 19- | ||
| 300 | |a 59p. ; |c 30cm. | ||
| 650 | 0 | 0 | |a United Nations |x Armed forces |z Malaysia |
| 999 | |a 052843 |b BUKU |c MALAYSIANA |e PERPUSTAKAAN KOMUNITI PETALING JAYA | ||